Every NCAA Mascot - Statistics

General Stats
  • This quiz has been taken 70 times
  • The average score is 172 of 496
Answer Stats
Division I Division II Division III Mascot % Correct
New Mexico StateNorth Carolina A&T Texas A&M UC Davis Utah State Cameron Delaware Valley Aggies
91%
BaylorBrown Central Arkansas (men) Mercer Missouri State (men) Morgan State (men) Northern Colorado BloomfieldLenoir-Rhyne NYIT Shaw Bridgewater StateCoast Guard Potsdam St. Joseph's - Brooklyn Ursinus WashU Bears
91%
Alabama A&M (men)Bryant
Butler Drake Fresno State Georgia (men) Gonzaga Louisiana Tech (men) Mississippi State Samford South Carolina State (men) The Citadel UNC Asheville Yale
BartonBowie State Ferris State Minnesota-Duluth Puerto Rico-Mayagüez Southwestern Oklahoma State Truman State Union - TN Wingate AdrianBrooklyn Dean DeSales Redlands Texas Lutheran Bulldogs
89%
Oregon State Bemidji StateMinot State BabsonBlackburn Bluffton Buena Vista Caltech CCNY Maine-Farmington Beavers
87%
Wellesley Blue
85%
Boise StateSanta Clara Western Michigan Cal Poly PomonaFayetteville State (men) SUNY Delhi Broncos
81%
Harvard Crimson
81%
AmericanBoston College Coppin State Eastern Michigan Eastern Washington Florida Gulf Coast Georgia Southern (men) Morehead State NC Central Winthrop AshlandBiola Carson-Newman Chadron State Concordia - CA Embry-Riddle Oklahoma Christian (men) Post AsburyBenedictine Bridgewater Eastern Edgewood Emory Husson Juniata Mary Washington Northwestern-St. Paul Ozarks Wisconsin-La Crosse Eagles
81%
Wisconsin Spring Hill Johnson State Badgers
79%
BinghamtonCincinnati LanderMcKendree Northwest Missouri State Southwest Baptist BaruchSaint Vincent Willamette Bearcats
79%
Sam Houston State Bearkats
79%
BelmontUCLA Bob JonesGeorge Fox Bruins
79%
BuffaloSouth Florida Bulls
79%
Stanford Cardinal
79%
Alabama Crimson Tide
79%
Oregon Stevens Institute Ducks
79%
Charlotte 49ers
77%
BucknellHoward (men)
North Dakota State
Oklahoma Baptist BethanyGallaudet Nichols - MA Bison
77%
BYUCharleston
Chicago State
Houston SIU Edwardsville Washington State
Azusa PacificCal State San Marcos Caldwell Colorado Christian Columbus State Sioux Falls AverettChatham Clark Concordia - IL Kean Medgar Evers Minnesota-Morris Misericordia Cougars
77%
Houston BaptistNortheastern Northern Illinois UConn Washington BloomsburgMichigan Tech St. Cloud State Southern Maine Huskies
77%
AuburnClemson Grambling State (men) Jackson State (men) LSU (men) Memphis Missouri Pacific - CA Princeton Tennessee State (men) Texas Southern (men) Towson BenedictEast Central Edward Waters Fort Hays State Holy Family Ouachita Baptist Salem - WV Savannah State West Alabama Colorado CollegeDePauw East Texas Baptist Hampden-Sydney Occidental RIT Sewanee Trinity - TX Trinity Washington Wittenberg Tigers
77%
Abilene ChristianArizona Bethune-Cookman Davidson Kansas State Kentucky New Hampshire Northwestern Villanova Weber State Central Washington Chico StateDaemen Fort Valley State Northern Michigan Wayne State - NE Wilmington - DE CazenoviaJohnson & Wales Linfield Penn College St. Catherine SUNY Poly Wildcats
77%
Randolph WildCats
77%
Ball StateIncarnate Word Lamar (men) Louisville Saginaw Valley StateWheeling William Jewell CUANorth Central - IL Otterbein Plattsburgh State Saint Mary's - MN St. John Fisher Wesleyan - CT York - NY Cardinals
75%
McNeese (men)Oklahoma State (men) Wyoming (men) Puerto Rico-BayamónNew Mexico Highlands (men) Hardin-Simmons (men) Cowboys
75%
Notre Dame Fighting Irish
75%
Jacksonville StateSouth Carolina Gamecocks
75%
Florida San Francisco State AlleghenyNotre Dame - MD Russell Sage Gators
75%
Miami - FL Georgia Southwestern Hurricanes
75%
Army Black Knights
74%
Montana StateOhio Quinnipiac Texas State Frostburg StateGeorgia College
Lees-McRae West Virginia Wesleyan
BatesPitt-Greensburg Bobcats
74%
Ohio State Buckeyes
74%
Virginia UVA WiseWalsh Cabrini Cavaliers
74%
Iowa State Centenary - NJMills Cyclones
74%
Air ForceBowling Green BentleyMontevallo Notre Dame - OH Saint Augustine's Seattle Pacific UT Permian Basin Albertus MagnusCedar Crest Concordia - WI Fitchburg State Messiah Pfeiffer Wisconsin-River Falls Falcons
74%
Indiana Hoosiers
74%
BellarmineFairleigh Dickinson
UCF
Queens - NY ArcadiaCalvin Carleton Geneseo Martin Luther Mount Saint Mary - NY Neumann Southern Virginia Wartburg Knights
74%
ColumbiaLoyola Marymount North Alabama Southeastern Louisiana (men) Arkansas-Fort SmithEmmanuel Georgian Court Lincoln - PA Lindenwood (men) Mars Hill Missouri Southern Molloy Saint Leo Texas A&M-Commerce AlbrightBryn Athyn Eastern Nazarene Emerson Finlandia Mount St. Joseph Penn State Altoona Penn State Behrend Penn State Harrisburg Piedmont TCNJ Lions
74%
Central ConnecticutDuke FredoniaWisconsin-Stout Blue Devils
72%
Minnesota Golden Gophers
72%
Iowa Hawkeyes
72%
Kansas Jayhawks
72%
Eastern IllinoisFIU Georgia State High Point Milwaukee Northern Iowa Pittsburgh Prairie View A&M (men) AdelphiClaflin Clark Atlanta Davenport Drury Florida Tech Kentucky Wesleyan Ohio Dominican Virginia Union Birmingham-SouthernChapman Ferrum Greenville Hanover LaGrange Middlebury Purchase Pitt-Bradford Plymouth State Principia SUNY Old Westbury Panthers
72%
San Diego State Aztecs
70%
ElizabethtownJohns Hopkins Saint Joseph - CT Westminster - MO Blue Jays
70%
Creighton Bluejays
70%
Nebraska Cornhuskers
70%
Wake Forest Demon Deacons
70%
Illinois Fighting Illini
70%
Virginia Tech Hokies
70%
IUPUISouth Alabama Southern (men) Augusta Jaguars
70%
Texas Longhorns
70%
Appalachian StateMount St. Mary's - MD West Virginia MansfieldWestern Colorado BereaSchreiner Mountaineers
70%
Syracuse Orange
70%
Ole MissUNLV Rebels
70%
MichiganUtah Valley Grove City Wolverines
70%
UAB Valdosta State BelhavenElms Hood Saint Benedict Blazers
68%
Purdue Boilermakers
68%
Colorado West Texas A&M Buffaloes
68%
California Concordia - St. PaulKutztown Miles Western New England Golden Bears
68%
TCU (men) Horned Frogs
68%
South Dakota State Jackrabbits
68%
Florida AtlanticKennesaw State (men)
Rice Temple
Southern Connecticut Bryn MawrKeene State Maine-Presque Isle MUW Warren Wilson Westfield State Owls
68%
East Carolina (men) Hampton (men) Seton Hall SouthwesternWhitworth Pirates
68%
Colorado StateFordham Rhode Island VCU Angelo State (men)Jefferson
Shepherd Winston-Salem State
Cornell CollegeFarmingdale State Framingham State North Central - MN Suffolk Rams
68%
Arkansas Razorbacks
68%
Tennessee Volunteers
68%
Idaho State Buffalo State Bengals
66%
Montana Adams State Franklin Grizzlies
66%
Alabama State (men)Delaware State (men) Sacramento State Emporia State KalamazooLynchburg Lyndon State Shenandoah Hornets
66%
Florida State Seminoles
66%
Charleston SouthernEast Tennessee State BarryChristian Brothers (men) BeloitMass Maritime Buccaneers
64%
Vanderbilt Commodores
64%
MarquetteOral Roberts Southern Miss (men) Tennessee Tech Cal State Los AngelesClarion Minnesota-Crookston
University of Charleston
BrockportSt. Joseph's - Long Island Spalding Golden Eagles
64%
HartfordMaryland Eastern Shore (men)
Monmouth Saint Joseph's - PA
ChowanHoly Names Quincy Rockhurst Saint Anselm Shorter HartwickHilbert Hunter Huntingdon Roger Williams SUNY New Paltz Hawks
64%
Penn State Penn State AbingtonPenn State Berks Nittany Lions
64%
Texas Tech Red Raiders
64%
Oklahoma Sooners
64%
Michigan StateNorfolk State San Jose State UNC Greensboro USC Upstate St. Thomas AquinasTampa AuroraCase Western Reserve Castleton Dubuque Manchester York - PA Spartans
64%
Little RockTroy USC (men) Anderson - SCMount Olive Trevecca Virginia State Trojans
64%
Utah Utes
64%
Cornell Denison Big Red
62%
McNeese (women)Oklahoma State (women) Wyoming (women) New Mexico Highlands (women) Hardin-Simmons (women) Cowgirls
62%
DuquesneJames Madison Dukes
62%
Georgetown Hoyas
62%
TrineWheaton - IL Thunder
62%
Nevada Wolf Pack
62%
NC State Wolfpack
62%
Georgia Tech AICAllen
Black Hills State Cedarville West Virginia State
Baldwin WallaceDefiance (men)
Howard Payne LeTourneau Randolph-Macon Waynesburg Wisconsin-Superior
Yellow Jackets
62%
Montana State-Billings Rochester Yellowjackets
62%
Liberty (men)UIC Lee Flames
60%
Dayton Lewis Flyers
60%
Tulsa Golden Hurricane
60%
Western Kentucky (men) St. Edward'sWest Liberty Hilltoppers
60%
North Texas Mean Green
60%
Navy Midshipmen
60%
Arizona State Sun Devils
60%
North Carolina Tar Heels
60%
Idaho Vandals
60%
St. Bonaventure Bonnies
58%
Central Michigan Chippewas
58%
Providence Friars
58%
Tulane Green Wave
58%
New Mexico Sul Ross State Lobos
58%
UTEP Missouri S&T Miners
58%
UMass (men) Minutemen
58%
Hawaii (men) Rainbow Warriors
58%
Slippery Rock The Rock
58%
Marshall Thundering Herd
58%
Maine Black Bears
57%
Drexel LaneMinnesota State-Moorhead Tiffin Dragons
57%
Cal PolySMU Midwestern StateSouthwest Minnesota State Western New Mexico Morrisville StateStevenson Mustangs
57%
ColgateWright State Shippensburg MSOERivier Raiders
57%
Toledo Rockets
57%
Grand Canyon Antelopes
55%
Dartmouth Big Green
55%
Saint Louis Billikens
55%
Middle Tennessee Blue Raiders
55%
Coastal Carolina Chanticleers
55%
St. John's - NY Red Storm
55%
Maryland Terrapins
55%
UC Irvine Anteaters
53%
Alcorn State (men) Bradley UNC Pembroke Braves
53%
Holy Cross Belmont AbbeyNorth Greenville CapitalDallas Mary Hardin-Baylor Crusaders
53%
Jacksonville Le MoyneStaten Island Mount Saint Vincent Dolphins
53%
Kent State Golden Flashes
53%
George Mason Dallas BaptistFrancis Marion UT Tyler Valley Forge Patriots
53%
Rutgers Scarlet Knights
53%
Richmond Spiders
53%
Merrimack East Stroudsburg Nyack Southern Wesleyan Stanislaus StateWayne State - MI Winona State Eastern ConnecticutHendrix Lycoming Wisconsin Lutheran Warriors
53%
VermontWestern Carolina Catamounts
51%
South Dakota Cal State San Bernardino Coyotes
51%
IonaSaint Mary's - CA Gaels
51%
Florida A&M (men) St. Mary's - TX Rattlers
51%
UMBC Retrievers
51%
Akron Zips
51%
George WashingtonRobert Morris Western Connecticut Colonials
49%
Northwestern State (men) Demons
49%
La Salle Explorers
49%
Albany Great Danes
49%
Northern ArizonaStephen F. Austin (men) Humboldt State Northland (men) Lumberjacks
49%
Old Dominion (men) King's - PAMethodist Monarchs
49%
Louisiana Ragin' Cajuns
49%
Montclair StateRipon Red Hawks
49%
Miami - OHSeattle Southeast Missouri Roberts Wesleyan La Roche Redhawks
49%
UNLV (men's basketball) Runnin' Rebels
49%
Wichita State Shockers
49%
Cleveland StatePortland State Augustana - SDElizabeth City State Western Washington Augustana - ILBerry Bethany Lutheran Lawrence North Park Salem State Vikings
49%
DePaul Blue Demons
47%
Eastern KentuckyNicholls CentreCurry Wilkes Colonels
47%
OmahaUT Arlington Colorado MesaMercy Minnesota State Medaille Mavericks
47%
Murray State Racers
47%
Arkansas State Red Wolves
47%
Siena D'YouvilleFlagler
Limestone Maryville Saint Martin's
EmmanuelMarymount St. Lawrence St. Scholastica Saints
47%
LIU Hawaii PacificNova Southeastern Simmons Sharks
47%
USciences FDU Florham Devils
45%
San Francisco Dons
45%
Saint Peter's (men) Upper Iowa Peacocks
45%
Cal State BakersfieldUTSA Metro State Ramapo Roadrunners
45%
Indiana State Sycamores
45%
UC Santa Cruz Banana Slugs
43%
Campbell (men) Fighting Camels
43%
UC Santa Barbara Gauchos
43%
Clayton StateGrand Valley State Lake Superior State Mercyhurst Oswego State Lakers
43%
UMass (women) Minutewomen
43%
Xavier Musketeers
43%
Youngstown State Dominican - CA Penguins
43%
ElonGreen Bay Wilson Phoenix
43%
DenverSacred Heart Cal State East BayGlenville State Malone Texas Woman's Tusculum Alfred StateCarroll Grinnell Lewis & Clark Marietta Smith Transylvania Utica William Paterson Wisconsin-Platteville Pioneers
43%
Penn EarlhamGuilford Wilmington - OH Quakers
43%
Illinois State Redbirds
43%
UNC WilmingtonWagner Salve ReginaSt. Mary's - MD Seahawks
43%
McMurry War Hawks
43%
Louisiana-Monroe Auburn-Montgomery Wisconsin-Whitewater Warhawks
43%
Pepperdine Waves
43%
Presbyterian Blue Hose
42%
Stetson Hatters
42%
NJITRadford UC Riverside CairnHoughton Highlanders
42%
Texas A&M-Corpus Christi Islanders
42%
Manhattan (men) Jaspers
42%
VMI Keydets
42%
Grambling State (women)Jackson State (women) LSU (select women's teams) Tennessee State (women) Texas Southern (women) Lady Tigers
42%
Lafayette La VerneWentworth Leopards
42%
Furman (men) Paladins
42%
Loyola Chicago Ramblers
42%
Boston UniversitySt. Francis - NY Wofford HiramThomas Terriers
42%
Cal State FullertonDetroit Illinois WesleyanWestminster - PA Wisconsin-Oshkosh Titans
42%
Canisius Golden Griffins
40%
Loyola - MD AssumptionEastern New Mexico Indianapolis Moravian Greyhounds
40%
Penn State (women's basketball)Southeastern Louisiana (women) Lindenwood (women) Lady Lions
40%
Chattanooga Mocs
40%
North Florida Stockton Ospreys
40%
William & Mary Tribe
40%
Mississippi Valley State (men) Delta Devils
38%
Oakland Golden Grizzlies
38%
GannonSaint Rose Clarkson Golden Knights
38%
Austin Peay Governors
38%
Alabama A&M (women)Georgia (women) South Carolina State (women) Lady Bulldogs
38%
UNLV (women's basketball) Lady Rebels
38%
Cal BaptistLongwood Worcester State Lancers
38%
Northern Kentucky Luther Norse
38%
Portland Pilots
38%
Queens - NC BethelEastern Mennonite Scranton Royals
38%
Gardner-Webb Runnin' Bulldogs
38%
Stony Brook Alaska-AnchorageSonoma State Seawolves
38%
West Florida Argonauts
36%
Valparaiso UMass Boston Beacons
36%
Rider Broncs
36%
Arkansas-Pine Bluff (men) Golden Lions
36%
Pittsburg State Gorillas
36%
Hofstra Purdue Northwest GreensboroRegis - MA Springfield Widener Pride
36%
Evansville Purple Aces
36%
Marist Red Foxes
36%
Southern Illinois Salukis
36%
NewberryNorthern State West Georgia Western Oregon KeukaWesleyan - GA Wolves
36%
North Dakota Fighting Hawks
34%
Catawba Indians
34%
Liberty (women) Lady Flames
34%
TCU (women) Lady Frogs
34%
Western Illinois Leathernecks
34%
Purdue Fort Wayne Mastodons
34%
Lehigh Mountain Hawks
34%
BowdoinOhio Northern Polar Bears
34%
New Orleans SUNY Maritime Privateers
34%
Kansas City Roos
34%
Lipscomb (men) Harding (men) Bisons
32%
Whitman Blues
32%
Delaware Fightin' Blue Hens
32%
Alabama State (women)Delaware State (women) Lady Hornets
32%
East Carolina (women)Hampton (women) Lady Pirates
32%
Florida A&M (women) Lady Rattlers
32%
Goldey-Beacom Lehman Lightning
32%
Maine MaritimeMerchant Marine
Mitchell
Mariners
32%
Fairfield Claremont-Mudd-Scripps (men) Stags
32%
Tarleton Texans
32%
Dixie State MCLA Trailblazers
32%
Connecticut College Camels
30%
Coker Cobras
30%
Washington & Lee Generals
30%
Goucher Gophers
30%
Texas Tech (select women's teams) Lady Raiders
30%
Tennessee (select women's teams) Lady Vols
30%
USC Aiken MarywoodWilliam Peace Pacers
30%
Niagara Purple Eagles
30%
Northwestern Oklahoma StateParkside Regis - CO Drew Rangers
30%
Franklin Pierce Anderson - IN (men) Rosemont Ravens
30%
UMass Lowell Susquehanna River Hawks
30%
Northeastern State RiverHawks
30%
UT Martin Fort LewisStonehill Skyhawks
30%
Alabama-HuntsvilleDominican - NY Hillsdale New Haven Colby-SawyerLancaster Bible Chargers
28%
MITRPI WPI Engineers
28%
Newman Jets
28%
Missouri State (women)Morgan State (women) Lady Bears
28%
Georgia Southern (women)Southern Miss (women) Oklahoma Christian (women) Lady Eagles
28%
Old Dominion (women) Lady Monarchs
28%
Central Missouri (men) ColbyMuhlenberg Mules
28%
Utah (men's basketball) Runnin' Utes
28%
Lake Erie CrownSimpson Storm
28%
Southern Utah Thunderbirds
28%
St. Thomas - MN Tommies
28%
UC San Diego EckerdUMSL Tritons
28%
Meredith Angels
26%
Franciscan Barons
26%
Howard (women) Lady Bison
26%
Campbell (women) Lady Camels
26%
Furman (women) Lady Paladins
26%
Virginia Wesleyan Marlins
26%
Cal State Northridge Matadors
26%
Findlay Oilers
26%
Millikin Big Blue
25%
Norwich Cadets
25%
Keystone Giants
25%
Alcorn State (women) Lady Braves
25%
Lamar (women) Lady Cardinals
25%
Southern (women) Lady Jaguars
25%
Concord UCCSYoung Harris Mountain Lions
25%
Emory and Henry Wasps
25%
Augsburg Auggies
23%
Chestnut HillSeton Hill Westminster - OH FontbonneGrynedd Mercy Griffins
23%
Tufts Jumbos
23%
AustinSUNY Canton Kangaroos
23%
Northwestern State (women) Lady Demons
23%
Manhattan (women) Lady Jaspers
23%
Kennesaw State (women) Lady Owls
23%
Prairie View A&M (women) Lady Panthers
23%
Cal State Monterey Bay Otters
23%
St. Francis - PA Red Flash
23%
AlmaCovenant Macalester Maryville Monmouth College Scots
23%
Dominican - IL Stars
23%
Long Beach State The Beach
23%
San Diego Toreros
23%
Ursuline Arrows
21%
John Jay Bloodhounds
21%
Ithaca Bombers
21%
Vassar Brewers
21%
OlivetUT Dallas Comets
21%
LesleyRhodes Lynx
21%
Amherst Mammoths
21%
ChicagoRoanoke Maroons
21%
Florida Southern Moccasins
21%
Alaska Nanooks
21%
Washington & Jefferson Presidents
21%
Davis & Elkins Senators
21%
UTRGV Vaqueros
21%
Anna Maria Amcats
19%
Rhode Island College Anchormen
19%
Ohio Wesleyan Battling Bishops
19%
Pacific - OR Boxers
19%
Gettysburg Bullets
19%
Edinboro GordonWooster Fighting Scots
19%
Albany StateWest Chester Golden Rams
19%
St. Norbert Green Knights
19%
Saint John's - MN Johnnies
19%
Maryland Eastern Shore (women) Lady Hawks
19%
Western Kentucky (women) Lady Toppers
19%
Saint Joseph's - ME Monks
19%
Colorado Mines Orediggers
19%
BridgeportSaint Michael's Purple Knights
19%
Marian Sabres
19%
Cal State Dominguez Hills Toros
19%
Lock Haven Bald Eagles
17%
Trinity - CT Bantams
17%
Alderson Broaddus Battlers
17%
Arkansas-Monticello (men) Boll Weevils
17%
Central Oklahoma Bronchos
17%
Christopher Newport Captains
17%
Mississippi College Choctaws
17%
Indiana - PA Crimson Hawks
17%
Long Beach State (baseball) Dirtbags
17%
Central Dutch
17%
Lake Forest Foresters
17%
Washburn Ichabods
17%
Texas A&M-Kingsville Javelinas
17%
Brandeis Judges
17%
Coe Kohawks
17%
Christian Brothers (women) Lady Buccaneers
17%
Stephen F. Austin (women) Ladyjacks
17%
Puget Sound Loggers
17%
LeMoyne-Owen Magicians
17%
Millsaps (men) Majors
17%
St. Olaf Oles
17%
Mount Union Purple Raiders
17%
Oneonta StateSUNY Cortland Red Dragons
17%
Southern Indiana Saint Elizabeth Screaming Eagles
17%
Northwood Timberwolves
17%
King - TN BrevardConcordia - TX Tornados
17%
NYU Violets
17%
NC Wesleyan Bishops
15%
Livingstone Blue Bears
15%
Illinois College (men) Blueboys
15%
Lincoln - MO Blue Tigers
15%
Wisconsin-Eau Claire Blugolds
15%
Loras Duhawks
15%
Texas A&M International Dustdevils
15%
Erskine Flying Fleet
15%
Centenary - LA (men) Gents
15%
Johnson C. Smith Golden Bulls
15%
McDaniel Green Terror
15%
Missouri Western Griffons
15%
Sarah Lawrence Gryphons
15%
Endicott Gulls
15%
Gustavus Adolphus Gusties
15%
South Dakota Mines Hardrockers
15%
Rogers State Hillcats
15%
Kenyon (men) Lords
15%
Central State (men) MillersvilleUMary Marauders
15%
Lakeland Muskies
15%
North GeorgiaNorthwest Nazarene Nighthawks
15%
Hamline Pipers
15%
Wisconsin-Stevens Point Pointers
15%
Lincoln Memorial Railsplitters
15%
DickinsonEureka Red Devils
15%
Henderson State Reddies
15%
Delta State (men) Hobart Statesmen
15%
Carnegie Mellon Tartans
15%
Colorado State-Pueblo ThunderWolves
15%
California - PAHawaii-Hilo Vulcans
15%
Arkansas Tech (men) Wonder Boys
15%
Saint Mary's - IN Belles
13%
John Carroll Blue Streaks
13%
Franklin & Marshall Diplomats
13%
Union - NY (men) Dutchmen
13%
Williams Ephs
13%
Rose-Hulman Fightin' Engineers
13%
Fairmont State Fighting Falcons
13%
SUNY Cobleskill Fighting Tigers
13%
District of Columbia Carthage Firebirds
13%
HopeLebanon Valley Flying Dutchmen
13%
Haverford Fords
13%
Felician Golden Falcons
13%
Tuskegee Golden Tigers
13%
NJCU Gothic Knights
13%
Alverno Inferno
13%
California Lutheran Kingsmen
13%
Louisiana Tech (women) Lady Techsters
13%
Wabash Little Giants
13%
Nebraska-Kearney Lopers
13%
Morehouse Maroon Tigers
13%
New England Nor'easters
13%
SNHU Penmen
13%
Whittier Poets
13%
Knox Prairie Fire
13%
UIS Prairie Stars
13%
Bard Raptors
13%
Pace Setters
13%
Rollins Tars
13%
Kentucky State (men) Thorobreds
13%
Albion Britons
11%
Pratt Cannoneers
11%
UMass Dartmouth Corsairs
11%
Southern Nazarene Crimson Storm
11%
Clarks Summit Defenders
11%
Wells Express
11%
Lynn Fighting Knights
11%
Muskingum Fighting Muskies
11%
William Smith Herons
11%
Lipscomb (women) Harding (women) Lady Bisons
11%
Charleston Southern (women's golf) Lady Bucs
11%
Lasell Lasers
11%
Pacific Lutheran Lutes
11%
Mount HolyokeWheaton - MA Lyons
11%
Yeshiva Maccabees
11%
Immaculata Mighty Macs
11%
Mount Aloysius Mounties
11%
Southern Arkansas Muleriders
11%
New England College Pilgrims
11%
Nebraska Wesleyan Prairie Wolves
11%
Pomona-Pitzer Sagehens
11%
Palm Beach Atlantic Sailfish
11%
Alfred Saxons
11%
Illinois Tech Scarlet Hawks
11%
Rutgers-Newark Scarlet Raiders
11%
Salisbury Sea Gulls
11%
Point Loma Nazarene Sea Lions
11%
Chaminade Silverswords
11%
Fresno Pacific Sunbirds
11%
Academy of Art Urban Knights
11%
Oberlin (men) Yeomen
11%
Hamilton Continentals
9%
Mary Baldwin Fighting Squirrels
9%
Swarthmore Garnet
9%
Nazareth Golden Flyers
9%
Webster Gorloks
9%
Georgia (women's gymnastics) Gym Dogs
9%
Bluefield State (women) Illinois College (women) Lady Blues
9%
Pitt-Johnstown Mountain Cats
9%
Rowan Profs
9%
Rockford Regents
9%
Southeastern Oklahoma State Savage Storm
9%
Rutgers-Camden Scarlet Raptors
9%
Elmira Soaring Eagles
9%
Salem - NC Spirits
9%
Heidelberg Student Princes
9%
Thiel Tomcats
9%
Manhattanville Valiants
9%
Claremont-Mudd-Scripps (women) Athenas
8%
Bluefield State (men) Big Blues
8%
St. Thomas - TX Celts
8%
Lubbock Christian (men) Chaparrals
8%
Concordia - Moorhead Cobbers
8%
Union - NY (women) Dutchwomen
8%
Geneva Golden Tornadoes
8%
Alvernia Golden Wolves
8%
Centenary - LA (women)Kenyon (women) Ladies
8%
Fayetteville State (women) Lady Broncos
8%
Defiance (women) Lady Jackets
8%
Saint Peter's (women) Peahens
8%
Hawaii (women) Rainbow Wahine
8%
Utah (women's gymnastics) Red Rocks
8%
Maranatha Baptist Sabercats
8%
Agnes Scott Scotties
8%
Washington College Shoremen
8%
Oglethorpe Stormy Petrels
8%
Sweet Briar Vixens
8%
USC (women) Women of Troy
8%
Mississippi Valley State (women) Devilettes
6%
Arkansas-Pine Bluff (women) Golden Lady Lions
6%
Arkansas Tech (women) Golden Suns
6%
Central Missouri (women) Jennies
6%
Lubbock Christian (women) Lady Chaps
6%
Millsaps (women) Lady Majors
6%
Central State (women) Lady Marauders
6%
Anderson - IN (women) Lady Ravens
6%
Delta State (women) Lady Statesmen
6%
Angelo State (women) Rambelles
6%
Central Arkansas (women) Sugar Bears
6%
Kentucky State (women) Thorobrettes
6%
Murray State (baseball) Skidmore Thoroughbreds
6%
Converse Valkyries
6%
Oberlin (women) Yeowomen
6%
Mount Marty Blue Angels
4%
Simon Fraser Clan
4%
Arkansas-Monticello (women) Cotton Blossoms
4%
Puerto Rico-Río Piedras Gallitos
4%
Northland (women) Lumberjills
4%
Hollins no mascot
4%
No matching quizzes found
Score Distribution
Percent of People with Each Score
Percentile by Number Answered
Your Score History
You have not taken this quiz